MARC details
| 000 -LEADER |
| fixed length control field |
01603nam a2200397 a 4500 |
| 001 - CONTROL NUMBER |
| control field |
41948 |
| 003 - CONTROL NUMBER IDENTIFIER |
| rucl marc code |
BD-RjUL |
| 005 - DATE AND TIME OF LATEST TRANSACTION |
| control field |
20211209053455.0 |
| 008 - FIXED-LENGTH DATA ELEMENTS--GENERAL INFORMATION |
| fixed length control field |
160608s1942 enk 000 0 eng |
| 035 ## - SYSTEM CONTROL NUMBER |
| System control number |
(BD-RjUL)42066 |
| 040 ## - CATALOGING SOURCE |
| Original cataloging agency |
ANL |
| Language of cataloging |
eng |
| Description conventions |
rda |
| Modifying agency |
ANL |
| -- |
(BD-RjUL) |
| Transcribing agency |
BD-RjUL |
| 041 ## - LANGUAGE CODE |
| Language code of text/sound track or separate title |
eng |
| 082 0# - DEWEY DECIMAL CLASSIFICATION NUMBER |
| Classification number |
940.531 |
| Edition number |
23 |
| Author mark and year |
EIA 1942 |
| 100 1# - MAIN ENTRY--PERSONAL NAME |
| Personal name |
Einzig, Paul |
| Dates associated with a name |
1897-1973. |
| 9 (RLIN) |
128922 |
| 245 10 - TITLE STATEMENT |
| Title |
Appeasement before, during and after the war / |
| Statement of responsibility, etc. |
by Paul Einzig. |
| 260 ## - PUBLICATION, DISTRIBUTION, ETC. (IMPRINT) |
| Place of publication, distribution, etc. |
London, |
| Name of publisher, distributor, etc. |
Macmillan and Co., |
| Date of publication, distribution, etc. |
1942. |
| 300 ## - PHYSICAL DESCRIPTION |
| Pagination |
xii, 215 p. ; |
| Size |
22 cm. |
| 500 ## - GENERAL NOTE |
| General note |
"First edition, November 1941. Reprinted, with corrections, January 1942." |
| 650 #0 - SUBJECT ADDED ENTRY--TOPICAL TERM |
| Topical term or geographic name as entry element |
Peace |
| 9 (RLIN) |
124213 |
|
| Topical term or geographic name as entry element |
World War, 1939-1945 |
| General subdivision |
Economic aspects |
| 9 (RLIN) |
128923 |
|
| Topical term or geographic name as entry element |
Economic history |
| Source of heading or term |
fast |
| 9 (RLIN) |
128924 |
|
| Topical term or geographic name as entry element |
Economics. |
| Source of heading or term |
fast |
| 9 (RLIN) |
128925 |
|
| Topical term or geographic name as entry element |
International relations. |
| Source of heading or term |
fast |
| 9 (RLIN) |
128926 |
|
| Topical term or geographic name as entry element |
Peace |
| Source of heading or term |
fast |
| 9 (RLIN) |
124213 |
|
| Topical term or geographic name as entry element |
Political science |
| Source of heading or term |
fast |
| 9 (RLIN) |
128927 |
| 651 #0 - SUBJECT ADDED ENTRY--GEOGRAPHIC NAME |
| Geographic name |
Europe |
| General subdivision |
Politics and government |
| Chronological subdivision |
1918-1945. |
| 9 (RLIN) |
128336 |
|
| Geographic name |
Europe |
| General subdivision |
Politics and government |
| Chronological subdivision |
20th Century. |
| 9 (RLIN) |
128928 |
|
| Geographic name |
Germany |
| General subdivision |
Foreign relations |
| Chronological subdivision |
1918-1945. |
| 9 (RLIN) |
128929 |
|
| Geographic name |
Germany |
| General subdivision |
Foreign relations |
| Chronological subdivision |
20th Century |
| 9 (RLIN) |
128930 |
|
| Geographic name |
Europe |
| General subdivision |
Economic conditions |
| Chronological subdivision |
1918-1945. |
| 9 (RLIN) |
128931 |
|
| Geographic name |
Europe |
| General subdivision |
Economic conditions |
| Chronological subdivision |
20th Century. |
| 9 (RLIN) |
128932 |
|
| Geographic name |
Europe. |
| Source of heading or term |
fast |
| 9 (RLIN) |
128933 |
|
| Geographic name |
Germany. |
| Source of heading or term |
fast |
| 9 (RLIN) |
128934 |
| 776 08 - ADDITIONAL PHYSICAL FORM ENTRY |
| Relationship information |
Online version: |
| Main entry heading |
Einzig, Paul, 1897-1973. |
| Title |
Appeasement before, during and after the war. |
| Place, publisher, and date of publication |
London, Macmillan and Co., 1942 |
| Record control number |
(OCoLC)562262318 |
| 942 ## - ADDED ENTRY ELEMENTS (KOHA) |
| Source of classification or shelving scheme |
Dewey Decimal Classification |
| Koha item type |
Books |